ՀՀ Գիտությունների ազգային ակադեմիայի հիմնարար գիտական գրադարան  =   Fundamental Scientific Library of NAS RA

О производственной культуре одноклеточных водорослей / (Record no. 461450)

MARC details
000 -LEADER
fixed length control field 01074nam a22002297a 4500
003 - CONTROL NUMBER IDENTIFIER
control field AM-YEHGA
040 ## - CATALOGING SOURCE
Original cataloging agency AM-YeHGA
001 - CONTROL NUMBER
control field 1763835
005 - DATE AND TIME OF LATEST TRANSACTION
control field 20250617160851.0
008 - FIXED-LENGTH DATA ELEMENTS--GENERAL INFORMATION
fixed length control field 210330s ||||| |||| 00| 0 rus d
041 0# - LANGUAGE CODE
Language code of text/sound track or separate title rus
090 ## - LOCALLY ASSIGNED LC-TYPE CALL NUMBER (OCLC); LOCAL CALL NUMBER (RLIN)
-- 464577
100 1# - MAIN ENTRY--PERSONAL NAME
Personal name Ничипорович, Анатолий Александрович.
245 10 - TITLE STATEMENT
Title О производственной культуре одноклеточных водорослей /
Statement of responsibility, etc. А.А. Ничипорович; Под ред. А.Л. Курсанова.
260 ## - PUBLICATION, DISTRIBUTION, ETC.
Place of publication, distribution, etc. Москва :
Name of publisher, distributor, etc. Знание,
Date of publication, distribution, etc. 1961.
300 ## - PHYSICAL DESCRIPTION
Extent 40 с. :
Other physical details ил.
490 1# - SERIES STATEMENT
Series statement Брошюры-лекции. Серия 8. Биология и медицина / Всесоюз. о-во по распространению полит. и науч. знаний;
Volume/sequential designation
653 0# - INDEX TERM--UNCONTROLLED
Uncontrolled term Водоросли одноклеточные - Выращивание
700 1# - ADDED ENTRY--PERSONAL NAME
Personal name Курсанов, А.Л.
830 #0 - SERIES ADDED ENTRY--UNIFORM TITLE
Uniform title Брошюры-лекции. Серия 8. Биология и медицина
942 ## - ADDED ENTRY ELEMENTS (KOHA)
Source of classification or shelving scheme Universal Decimal Classification
Koha item type Գրքեր / Books
Holdings
Withdrawn status Lost status Source of classification or shelving scheme Damaged status Not for loan Collection Home library Current library Date acquired Total checkouts Full call number Barcode Date last seen Price effective from Koha item type Public note
    Universal Decimal Classification     General Fundamental Scientific Library Fundamental Scientific Library 30/03/2021   PII/48439 FL0644480 30/03/2021 30/03/2021 Գրքեր / Books 30 Days Loan


ՀՀ ԳԱԱ հիմնարար գիտական գրադարան
ՀՀ,Երևան 0019
Մարշալ Բաղրամյան 24/6
հեռախոս:(374-10) 52-47-50
Հետադարձ կապ

All site content, except where otherwise noted, is licensed under a
Creative Commons License